000 00438cam a22001934a 4500
005 20250605164316.0
008 250528s ||||||||||||||||||||||||d
035 _a22691
020 _a9789607283702
040 _aGR-AtMCL
_bgre
_dGR-AtMCL
_eAACR2
245 1 _aEASY GRAMMAR
250 _a1
260 _bHillside Press,
_c1999
300 _a114
700 1 _aKostakou A
_97490
942 _cBK
999 _c7739
_d7739